Statystyki dla Podaj przykład typowo polskiej zakąski.

Kliknij tutaj aby rozwiązać quiz!

Ogólne statystyki

  • Ten quiz został rozwiązany 9 razy
  • Średni wynik to 2 z 5

Statystyki odpowiedzi

Odpowiedź% Poprawnych
Ogórki Kiszone
86%
Śledzie
71%
Grzybki marynowane
0%
Jajka z majonezem
0%
Nóżki w galarecie
0%

Rozkład punktacji

Percentyl według liczby udzielonych odpowiedzi

Procent ludzi z każdym wynikiem

Twoja historia wyników

Nie rozwiązałeś tego quizu